000
00277nam a2200121Ia 4500
008
190216s9999||||xx |||||||||||||| ||und||
100
_a
Joan Robinson
245
0
_a
Essay On Marxian Economics
260
_b
Macmillan
_c
1966
300
_a
103p
650
_a
Economics
942
_c
BK
999
_c
9154
_d
9154